| 000 -LEADER |
| fixed length control field |
00428cam a2200157 i 4500 |
| 040 ## - CATALOGING SOURCE |
| Transcribing agency |
DLC |
| 082 00 - DEWEY DECIMAL CLASSIFICATION NUMBER |
| Classification number |
338 SIN 1979 A077 Or. |
| 245 00 - TITLE STATEMENT |
| Title |
Readings in Asian farm management / |
| 260 ## - PUBLICATION, DISTRIBUTION, ETC. (IMPRINT) |
| Place of publication |
Singapore : |
| Name of publisher |
Singapore University Press, |
| Year of publication |
1979. |
| 300 ## - PHYSICAL DESCRIPTION |
| Number of Pages |
x, 350 p. ; |
| Dimensions |
26 cm. |
| 500 ## - GENERAL NOTE |
| General note |
On spine: Asian farm management. |
| 650 #0 - SUBJECT ADDED ENTRY--TOPICAL TERM |
| Topical Term |
Farm management |
| 700 1# - ADDED ENTRY--PERSONAL NAME |
| Personal name |
Tan, Bock Thiam. |
| 700 1# - ADDED ENTRY--PERSONAL NAME |
| Personal name |
Ong, Shao-er. |
| 942 ## - ADDED ENTRY ELEMENTS (KOHA) |
| Koha item type |
សៀវភៅភាសាអង់គ្លេស |
| 952 ## - LOCATION AND ITEM INFORMATION (KOHA) |
| Withdrawn status [LOCAL, KOHA] |
0 |
| 952 ## - LOCATION AND ITEM INFORMATION (KOHA) |
| Withdrawn status [LOCAL, KOHA] |
0 |